<?xml version="1.0" encoding="UTF-8"?>
<record
    xmlns:xsi="http://www.w3.org/2001/XMLSchema-instance"
    xsi:schemaLocation="http://www.loc.gov/MARC21/slim http://www.loc.gov/standards/marcxml/schema/MARC21slim.xsd"
    xmlns="http://www.loc.gov/MARC21/slim">

  <leader>03076nam a2200481Ii 4500</leader>
  <controlfield tag="001">DIGLOM05067</controlfield>
  <controlfield tag="003">NyNyDIG</controlfield>
  <controlfield tag="006">m     o  d        </controlfield>
  <controlfield tag="007">cr |||||||||||</controlfield>
  <controlfield tag="008">120210s2008    cl      ob    000 0 spa d</controlfield>
  <datafield tag="020" ind1=" " ind2=" ">
    <subfield code="z">9789560000200</subfield>
  </datafield>
  <datafield tag="020" ind1=" " ind2=" ">
    <subfield code="z">9560000209</subfield>
  </datafield>
  <datafield tag="035" ind1=" " ind2=" ">
    <subfield code="a">(OCoLC)888270923</subfield>
  </datafield>
  <datafield tag="040" ind1=" " ind2=" ">
    <subfield code="a">DGITA</subfield>
    <subfield code="b">eng</subfield>
    <subfield code="e">pn</subfield>
    <subfield code="c">DGITA</subfield>
  </datafield>
  <datafield tag="043" ind1=" " ind2=" ">
    <subfield code="a">cl-----</subfield>
  </datafield>
  <datafield tag="050" ind1="1" ind2="4">
    <subfield code="a">JC571 eBook</subfield>
  </datafield>
  <datafield tag="245" ind1="0" ind2="0">
    <subfield code="a">Pol&#xED;ticas p&#xFA;blicas para un estado social de derechos :</subfield>
    <subfield code="b">el paradigma de los derechos universales. </subfield>
    <subfield code="n">Vol. II /</subfield>
    <subfield code="c">In&#xE9;s Margarita Uprimny, ... [et al.]; Ximena Erazo, V&#xED;ctor Abramovich, Jorge Orbe (editores).</subfield>
  </datafield>
  <datafield tag="246" ind1="3" ind2="0">
    <subfield code="a">Paradigma de los derechos universales</subfield>
  </datafield>
  <datafield tag="250" ind1=" " ind2=" ">
    <subfield code="a">1. ed.</subfield>
  </datafield>
  <datafield tag="264" ind1=" " ind2="1">
    <subfield code="a">Santiago de Chile, Chile :</subfield>
    <subfield code="b">LOM Ediciones :  </subfield>
    <subfield code="b">Fundaci&#xF3;n Henry Dunant Am&#xE9;rica Latina,</subfield>
    <subfield code="c">2008.</subfield>
  </datafield>
  <datafield tag="300" ind1=" " ind2=" ">
    <subfield code="a">1 online resource (271 pages)</subfield>
  </datafield>
  <datafield tag="336" ind1=" " ind2=" ">
    <subfield code="a">text</subfield>
    <subfield code="b">txt</subfield>
    <subfield code="2">rdacontent</subfield>
  </datafield>
  <datafield tag="337" ind1=" " ind2=" ">
    <subfield code="a">computer</subfield>
    <subfield code="b">c</subfield>
    <subfield code="2">rdamedia</subfield>
  </datafield>
  <datafield tag="338" ind1=" " ind2=" ">
    <subfield code="a">online resource</subfield>
    <subfield code="b">cr</subfield>
    <subfield code="2">rdacarrier</subfield>
  </datafield>
  <datafield tag="490" ind1="1" ind2=" ">
    <subfield code="a">Ciencias humanas. Pol&#xED;ticas p&#xFA;blicas</subfield>
  </datafield>
  <datafield tag="504" ind1=" " ind2=" ">
    <subfield code="a">Includes bibliographical references.</subfield>
  </datafield>
  <datafield tag="505" ind1="0" ind2=" ">
    <subfield code="a">Agradecimientos -- Pr&#xF3;logo / Ricardo Lagos Escobar -- Derechos sociales y pol&#xED;ticas p&#xFA;blicas / Ximena Erazo -- La protecci&#xF3;n internacional de los Derechos Humanos: el sistema de Naciones Unidas / In&#xE9;s Margarita Uprimny -- Derechos, reconocimiento y reparto frente a actores discriminados / Mart&#xED;n Hopenhayn y Ver&#xF3;nica Guti&#xE9;rrez -- Derechos humanos, globalizaci&#xF3;n y derecho al desarrollo / Juan Guillermo Espinosa -- La articulaci&#xF3;n entre pol&#xED;ticas p&#xFA;blicas y derechos, v&#xED;nculos difusos / Laura C. Pautassi -- Transparencia y di&#xE1;logo pol&#xED;tico / Manuel Jacques -- Enfoque de derechos, pol&#xED;ticas p&#xFA;blicas y cohesi&#xF3;n social / Ana Sojo -- El enfoque de derechos humanos en el desarrollo / Francesco Notti -- Hacia pol&#xED;ticas sociales con enfoque de derechos sociales garantizados / Leonardo Moreno -- Derechos humanos y derecho a la alimentaci&#xF3;n / Jos&#xE9; Graziano Da Silva -- Derecho a la educaci&#xF3;n, la experiencia internacional / Ferr&#xE1;n Ferrer -- Las pol&#xED;ticas p&#xFA;blicas desde la perspectiva de los derechos de la infancia / Soledad Larra&#xED;n -- Enfoques y tendencias en pol&#xED;ticas p&#xFA;blicas / H&#xE9;ctor Oyarce -- Nuevas formas de representaci&#xF3;n y pol&#xED;ticas p&#xFA;blicas / Eolo D&#xED;az-Tendero E. -- Cobertura y garant&#xED;as en salud / &#xC1;lvaro Erazo y Daniel Titelman</subfield>
  </datafield>
  <datafield tag="650" ind1=" " ind2="0">
    <subfield code="a">Human rights</subfield>
    <subfield code="x">Government policy.</subfield>
  </datafield>
  <datafield tag="650" ind1=" " ind2="0">
    <subfield code="a">Human rights</subfield>
    <subfield code="z">Latin America.</subfield>
  </datafield>
  <datafield tag="650" ind1=" " ind2="0">
    <subfield code="a">Social rights</subfield>
    <subfield code="x">Government policy.</subfield>
  </datafield>
  <datafield tag="650" ind1=" " ind2="0">
    <subfield code="a">Social rights</subfield>
    <subfield code="z">Latin America.</subfield>
  </datafield>
  <datafield tag="655" ind1=" " ind2="0">
    <subfield code="a">Electronic books.</subfield>
  </datafield>
  <datafield tag="700" ind1="1" ind2=" ">
    <subfield code="a">Erazo, Ximena.</subfield>
  </datafield>
  <datafield tag="700" ind1="1" ind2=" ">
    <subfield code="a">Abramovich, V&#xED;ctor.</subfield>
  </datafield>
  <datafield tag="700" ind1="1" ind2=" ">
    <subfield code="a">Orbe, Jorge.</subfield>
  </datafield>
  <datafield tag="791" ind1="2" ind2=" ">
    <subfield code="a">Digitalia (Firm),</subfield>
    <subfield code="e">distributor.</subfield>
  </datafield>
  <datafield tag="830" ind1=" " ind2="0">
    <subfield code="a">Ciencias humanas (LOM Ediciones)</subfield>
  </datafield>
  <datafield tag="830" ind1=" " ind2="0">
    <subfield code="a">Ciencias humanas (Santiago, Chile).</subfield>
    <subfield code="p">Pol&#xED;ticas p&#xFA;blicas</subfield>
  </datafield>
  <datafield tag="793" ind1="0" ind2=" ">
    <subfield code="g">Digitalia eBook Collection:</subfield>
    <subfield code="a">LOM Ediciones</subfield>
  </datafield>
  <datafield tag="856" ind1="4" ind2="0">
    <subfield code="3">Digitalia Hisp&#xE1;nica</subfield>
    <subfield code="u">https://www.digitaliapublishing.com/a/13098/</subfield>
  </datafield>
  <datafield tag="910" ind1=" " ind2=" ">
    <subfield code="a">Premium Collection: 2007-2012</subfield>
  </datafield>
  <datafield tag="942" ind1=" " ind2=" ">
    <subfield code="c">RAA</subfield>
  </datafield>
  <datafield tag="952" ind1=" " ind2=" ">
    <subfield code="0">0</subfield>
    <subfield code="1">0</subfield>
    <subfield code="4">0</subfield>
    <subfield code="7">0</subfield>
    <subfield code="8">DEH</subfield>
    <subfield code="a">BD-UIN</subfield>
    <subfield code="b">BD-UIN</subfield>
    <subfield code="d">2025-04-25</subfield>
    <subfield code="l">0</subfield>
    <subfield code="r">2025-04-25</subfield>
    <subfield code="w">2025-04-25</subfield>
    <subfield code="y">RAA</subfield>
  </datafield>
  <datafield tag="999" ind1=" " ind2=" ">
    <subfield code="c">232835</subfield>
    <subfield code="d">232835</subfield>
  </datafield>
</record>
